| 000 | 00584nam a2200241 a 4500 | ||
|---|---|---|---|
| 001 | nice12345678 | ||
| 003 | IN_TiNIC | ||
| 005 | 20260116011651.0 | ||
| 008 | 050524s1936 teha grp 000 0 per | ||
| 020 |
_a _c100 |
||
| 082 | 0 | 0 |
_a232.96 _bJON |
| 100 | _aJones, E Stanley | ||
| 245 | _aMuhabbat-E-Janbazana | ||
| 260 |
_aTehran _bBrukhim Press _c1936 |
||
| 300 | _a54p | ||
| 500 | _aincludes index and biblioraphy | ||
| 505 | 2 | _aHand Written Manuscript | |
| 650 | _aJesus Christ-Death | ||
| 700 | 1 | _aJones, E Stanley | |
| 902 | _bSRS | ||
| 942 | _cBK | ||
| 999 |
_c3257 _d3257 |
||